| 000 | 01212cam a2200289 ia4500 | ||
|---|---|---|---|
| 003 | SA-RiAUC | ||
| 005 | 20250611070819.0 | ||
| 008 | 250611s2001 ua g 00000 ara c | ||
| 020 | _a9772706822 | ||
| 040 |
_aSA-MaUQU _bara _cSA-RiAUC _erda |
||
| 082 | 0 | 4 |
_a020.9 _qSA-RiAUC |
| 090 |
_a020.9 _bخ ل ي |
||
| 100 | 1 |
_aخليفة، شعبان عبد العزيز، _d1941-2019 _eمؤلف. |
|
| 245 | 1 | 2 |
_aالكتب والمكتبات في العصور الحديثة / _cشعبان عبد العزيز خليفة. |
| 250 | _aالطبعة الأولى. | ||
| 264 | 1 |
_aالقاهرة : _bالدار المصرية اللبنانية، _c2002 |
|
| 300 |
_a2 مجلد ؛ _c24 سم. |
||
| 336 |
_aنص _btxt _2rdacontent _3كتاب |
||
| 337 |
_aبدون وسيط _bn _2rdamedia |
||
| 338 |
_aمجلد _bnc _2rdacarrier |
||
| 490 | 0 | _aمجموعة الببليوجرافيا التاريخية | |
| 505 | 0 | _aالمحتويات : مجلد 1. الكتاب في الغرب المتألق- مجلد 2. المكتبات في الغرب المتألق. | |
| 650 | 7 |
_aالمكتبات _xتاريخ _2aucsh |
|
| 650 | 7 |
_aالكتب _xتاريخ _2aucsh |
|
| 942 |
_2ddc _cBOOK |
||
| 949 |
_aSA-JeALM _d250611 _ukhaled123 _n1 |
||
| 999 |
_c8801 _d8801 |
||